LEADER 00870nam2 2200325 450 001 990005989700203316 005 20141211101720.0 035 $a000598970 035 $aUSA01000598970 035 $a(ALEPH)000598970USA01 035 $a000598970 100 $a20141210d--------km-y0itay50------ba 101 $aita 102 $aIT 105 $aa---||||001yy 200 1 $aArte romanico catalana 210 $aMilano$cMondadori 215 $avolumi$cill.$d15 cm 225 2 $a<> tavolozza 410 0$1001000598718$12001$a<> tavolozza 600 1 $aPittura romanica$xSpagna$2BNCF 676 $a759.6 801 0$aIT$bsalbc$gISBD 912 $a990005989700203316 951 $aXV.9. Coll. 19/$bMAR$cXV.9. Coll. 959 $aBK 969 $aMAR 979 $aIANNONE$b90$c20141211$lUSA01$h1017 996 $aArte romanico catalana$91078192 997 $aUNISA LEADER 01167nam0-22003611i-450 001 990007523580403321 005 20220706095424.0 035 $a000752358 035 $aFED01000752358 035 $a(Aleph)000752358FED01 035 $a000752358 100 $a20030814d1954----km-y0itay50------ba 101 0 $aita 102 $aIT 105 $ay-------001yy 200 1 $a<>disoccupazione in Italia$erelazione sintetica delle indagini e degli studi promossi dalla commissione parlamentare d'inchiesta sulla disoccupazione$fMaurizio Parasassi, Giorgio Ruffolo$gcon prefaz. di Roberto Tremelloni 210 $aBologna$cZanichelli$d1954 215 $aXXXIII, 250 p.$d21 cm 610 0 $aItalia$aDisoccupazione 676 $a331.13$v12 rid. 700 1$aParasassi,$bMaurizio$0142888 701 1$aRuffolo,$bGiorgio$f<1926- >$010461 801 0$aIT$bUNINA$gRICA$2UNIMARC 901 $aBK 912 $a990007523580403321 952 $aXV N 232$b45917$fFGBC 952 $aA / PAR 4$b1323$fBFS 952 $aE-07C-099$bIst.9532$fILFGE 959 $aBFS 959 $aILFGE 959 $aFGBC 996 $aDisoccupazione in Italia$9684121 997 $aUNINA